| 000 | 00466nam a2200133 a 4500 | ||
|---|---|---|---|
| 008 | 120416s1985 ||||||||||||||||| || u | ||
| 050 | _aNA 7620 Asl | ||
| 100 | _aAslet, Clive | ||
| 245 | 1 | 4 | _aThe last country houses |
| 260 |
_aNew Haven _bYale University _c1985 |
||
| 300 | _avi, 344p. : ill. | ||
| 350 | _a0.00 | ||
| 995 |
_D0.00 _FCBU-MAIN LIBRARY (Kitwe) _H1 _I8.95 _UAVAILABLE _ZAnnex Low-Usage Collection |
||
| 999 |
_c48896 _d48896 |
||